000 01282nam a2200253 4500
001 120264
003 ES-MaACL
005 20250829080803.0
007 t|
008 070214s1971 sp r ||||1| spa d
100 1 _aPirenne, Jacques.
_992344
245 1 0 _aHistoria de la civilización del Antiguo Egipto /
_cJacques Pirenne ; con la colaboración artística de Arpag Mekhitarian ; [versión: Juan Maluquer de Motes].
250 _a3ª ed.
260 _aBarcelona :
_bExito,
_c1971.
300 _a3 v. ;
_c27 cm.
505 8 _aContiene: v. I: Primer ciclo : Desde los orígenes hasta el final del Imperio Antiguo (2200 a. C.) -- v. II: Segundo ciclo : De la caída del Imperio Antiguo al fin del Imperio Nuevo (2200 - 1085 a. C.) -- v. III: Tercer ciclo: De la XXI Dinastía a los Ptolomeos (1085 - 30 a. C.)
700 1 _aMekhitarian, Arpag.
_979879
700 1 _aMaluquer de Motes, Joan,
_d1915-1988
_975880
740 0 _aPrimer ciclo: Desde los orígenes hasta el final del Imperio Antiguo (2200 a. C.)
740 0 _aSegundo ciclo : De la caída del Imperio Antiguo al fin del Imperio Nuevo (2200 - 1085 a. C.)
740 0 _aTercer ciclo: De la XXI Dinastía a los Ptolomeos (1085 - 30 a. C.)
852 _aES-MaACL
_jE-7672-74
_bR.92172
999 _c120264
_d120264